000 00280nam a2200121Ia 4500
005 20251222144641.0
008 251222s9999||||xx |||||||||||||| ||spa||
082 _a256.4/M22
100 _aManjón, Andrés
245 0 _aLe scuole dell' Ave María
264 _bAvio
942 _cLIB
999 _c16683
_d16683